LEADER 01849nam a2200277 4500 001 000000350941 003 CaOOAMICUS 005 20220823145050.0 008 220715s1665 ne 000 u lat r 026 $et.t- 6.m. s.*o Ahfi (3) 1665 (R) 040 $aSeMil$bita 041 $alat$agrc 100 11$aLeusden, Johannes,$d<1624-1699>.$0(OLS)http://semarc/name/79656 245 10$aOnomasticum sacrum, in quo omnia nomina propria Hebraica, Chaldaica, Gręca, & origine Latina, tam in V. & N. T. quam in libris Apocryphis, occurrentia, dilucidč explicantur, & singula propriis suis typis describuntur. Additur in fine Additamentum de vasis, pecunia & ponderibus sacris. Editore Johanne Leusden, ... 264 1$aUltrajecti :$bex officina Anthonii Smytegelt,$c1665$e(Trajecti ad Rhenum :$ftypis Wilhelmi Clerck,$g1665) 300 $a[8], 280 p. ;$c8° 500 $aMarca non controllata (Minerva seduta con vessillo "Pallas Traiectina semper augusta" e motto: Honos alit artes) sul front. 500 $aSegn.: *? A-R? S? 710 0 $aSmijtegelt, Anthony$c.$0(OLS)http://semarc/name/116205 710 0 $aClerck, Willem .$0(OLS)http://semarc/name/116206 752 $anl$dUtrecht 850 $aSeMil 852 $aSeMil$W1$xVenegono$y1$m5D II 2 FA$j233585$B241990$CSeMilBibl$Z2$F241990 $8I 996 $6245$aOnomasticum sacrum, in quo omnia nomina propria Hebraica, Chaldaica, Gręca, & origine Latina, tam in V. & N. T. quam in libris Apocryphis, occurrentia, dilucidč explicantur, & singula propriis suis typis describuntur. Additur in fine Additamentum de vasis, pecunia & ponderibus sacris. Editore Johanne Leusden, ...$9(OLS)http://semarc/title/440742 996 $6264$aUltrajecti :$bex officina Anthonii Smytegelt$9(OLS)http://semarc/publisher/60512 LEADER 01096nam a2200217 4500 001 000000336450 003 CaOOAMICUS 005 20191003125438.0 008 190913s1933 it 000 u ita r 040 $aSeMil$bita 100 1 $aCassinari, Ernesto.$0(OLS)http://semarc/name/110218 245 13$aLa Beata Caterina Labouré della compagnia delle Figlie della Caritą di S. Vincenzo de Paoli / $cErnesto Cassinari. 264 1$aRoma :$bPostulazione della Missione,$c1933. 300 $a385 p., [1] c. di tav. :$bill. ; $c19 cm. 600 04$aLabouré, Caterina .$0(OLS)http://semarc/subject/4731 650 4$aFiglie della caritą di San Vincenzo de' Paoli.$0(OLS)http://semarc/subject/15710 850 $aSeMil 852 $aSeMil$W1$xVenegono$y1$m3H II 522$j218801$B230678$CSeMilBibl$Z2$F230678 $81 996 $6245$aLa Beata Caterina Labouré della compagnia delle Figlie della Caritą di S. Vincenzo de Paoli / $9(OLS)http://semarc/title/425717 996 $6264$aRoma :$bPostulazione della Missione$9(OLS)http://semarc/publisher/58548